Score 0/33 Timer 03:00
0 Plays Today
Clue 5-Letter Word % Correct
Private teacherTUTOR
94.5%
Large bayou reptileGATOR
88.1%
SubtractMINUS
87.2%
Southern US slang for spudTATOR
86.6%
Charlie Brown's friendLINUS
85.1%
QueuesLINES
81.1%
Shuts forcefullySLAMS
80.6%
Serena's sisterVENUS
78.9%
Zsa Zsa or EvaGABOR
77.3%
Understands written wordsREADS
77.1%
Groups of optionsMENUS
73.4%
Stacks of paperREAMS
72.5%
Harry: The boy who ______LIVED
71.8%
Arranged in orderLINED
70.2%
ToilLABOR
69.8%
Small piece, as of snowFLAKE
68.9%
Glandular organLIVER
68.3%
Clue 5-Letter Word % Correct
Friction device for stoppingBRAKE
67.2%
Juncture linesSEAMS
66.6%
Sticks of graphiteLEADS
64.6%
Provides temporarilyLENDS
61.1%
English poet, Sir Wm. _____BLAKE
60.6%
Lucky occurrenceFLUKE
58.7%
Offers for saleVENDS
57.5%
J.P. Rampal's instrumentFLUTE
56.4%
TribesCLANS
55.8%
BivalvesCLAMS
55%
Long-legged birdCRANE
48.2%
Interbank interest rateLIBOR
43.3%
Metallic noiseCLANK
43.2%
Latin bookLIBER
43%
Rotary leverCRANK
41.6%
Short-billed raven-like birdCRAKE
40.2%

Today's Daily Dose

Remove Ads.
Support Sporcle.
Get the best of Sporcle when you Go Orange. This ad-free experience offers more features, more stats, and more fun while also helping to support Sporcle. Thank you for becoming a member.

You're not logged in!

Compare scores with friends on all Sporcle quizzes.
OR
Log In

Show Comments

Extras

Top Quizzes Today


Score Distribution

Your Account Isn't Verified!

In order to create a playlist on Sporcle, you need to verify the email address you used during registration. Go to your Sporcle Settings to finish the process.

Report this User

Report this user for behavior that violates our Community Guidelines.

Details: